Detekcia zraniteľností v zdrojovom kóde webových aplikácií pomocou metód strojového učenia
Gespeichert in:
| 1. Verfasser: | |
|---|---|
| Weitere Verfasser: | |
| Format: | Manuskript Buch |
| Sprache: | Slowakisch Englisch |
| Veröffentlicht: |
2016
|
| Schlagworte: | |
| Online-Zugang: | http://is.stuba.sk/zp/portal_zp.pl?podrobnosti=119235 |
| Tags: |
Keine Tags, Fügen Sie das erste Tag hinzu!
|
MARC
| LEADER | 00000ntm a22000003a 4500 | ||
|---|---|---|---|
| 001 | stuzp58916 | ||
| 003 | SK-STU | ||
| 005 | 20160719155714.8 | ||
| 007 | ta | ||
| 008 | 150427s2015----xo-----f-mn---000-0-slo-d | ||
| 040 | |a STU |b slo | ||
| 041 | 0 | |a eng | |
| 100 | 1 | |a Gallik, Patrik |u 070400 |k Z4 |4 aut |U FIIT Fakulta informatiky a informačných technológií |T FIIT Ústav počítačového inžinierstva a aplikovanej informatiky |X 46079 |U I400 |Y 672 |7 A000046079 | |
| 242 | 0 | 1 | |a Detekcia zraniteľností v zdrojovom kóde webových aplikácií pomocou metód strojového učenia |y slo |
| 245 | 1 | 0 | |a Detekcia zraniteľností v zdrojovom kóde webových aplikácií pomocou metód strojového učenia |
| 260 | |c 2016 | ||
| 650 | 4 | |a zdrojovy |2 slo | |
| 650 | 4 | |a analýza |2 slo | |
| 650 | 4 | |a kod |2 slo | |
| 650 | 4 | |a statická |2 slo | |
| 650 | 4 | |a webové aplikácie |2 slo | |
| 650 | 4 | |a škvŕn |2 slo | |
| 650 | 4 | |a static |2 eng | |
| 650 | 4 | |a code |2 eng | |
| 650 | 4 | |a analysis |2 eng | |
| 650 | 4 | |a taint |2 eng | |
| 650 | 4 | |a source |2 eng | |
| 650 | 4 | |a vulnerabilities |2 eng | |
| 700 | 1 | |a Hudec, Ladislav |u 070400 |k Z1 |4 ths |U FIIT Fakulta informatiky a informačných technológií |T FIIT Ústav počítačového inžinierstva a aplikovanej informatiky |X 2081 |U I400 |Y 672 |7 2081 | |
| 856 | 4 | |u http://is.stuba.sk/zp/portal_zp.pl?podrobnosti=119235 | |
| 996 | |b 8265 |c I* DIP 89/2016 |l II680 |s P |a 0 |w stuzp58916_0001 | ||
| SQL | |a stuzp58916 |b DDP |c ENG |d Detekcia zraniteľností v zdrojovom kóde webových aplikácií pomocou metód strojového učenia |e 46079 |f Gallik, Patrik |g 070400 |h 2081 |i Hudec, Ladislav |j 20160613 |k 211 |l 07 |m http://is.stuba.sk/zp/portal_zp.pl?podrobnosti=119235 |n I-SI2 |o 9.2.5. softvérové inžinierstvo | ||